Trasa Autobusu 115 Warszawa - Statystyki

Ogólne statystyki
  • Ten quiz został rozwiązany 6 razy
  • Średni wynik to 46 z 57
Statystyki odpowiedzi
Ulice Przystanek % Poprawnych
Podkowy Aleksandrów
100%
Kajki Alpejska - Instytut
100%
Wspólna Brata Alberta
100%
Bystrzycka Bystrzycka
100%
Kościuszkowców Cm. Ofiar Wojny
100%
Pożaryskiego Czatów
100%
Kajki IX Poprzeczna
100%
Kajki / Kościuszkowców Kajki
100%
Patriotów Kolarska
100%
Kościuszkowców / (Korkowa) Marysin
100%
Korkowa Marysin
100%
Kajki Odrodzenia
100%
Walcownicza / Patriotów PKP Falenica
100%
Żagańska PKP Międzylesie
100%
Al. Sztandarów PKP Mokry Ług
100%
Patriotów PKP Radość
100%
Ilskiego PKP Rembertów
100%
Al. Gen. Chruściela "Montera" PKP Rembertów
100%
Patriotów Planetowa
100%
Pożaryskiego Pożaryskiego
100%
Al. Gen. Chruściela "Montera" Rembertów - Ratusz
100%
Korkowa Spółdzielnia Noma
100%
Żagańska Wawer - Ratusz
100%
Wspólna Wspólna
100%
Złotej Jesieni Złotej Jesieni
100%
Al. Gen. Chruściela "Montera" Eskulapów
75%
Ilskiego Grawerska
75%
Grzybowa Instruktorska
75%
Al. Sztandarów Jerzego
75%
Al. Komandosów Klasztorna
75%
Korkowa Korkowa - Cmentarz
75%
Złotej Jesieni Ks. Szulczyka
75%
Patriotów Lawinowa
75%
(Korkowa) Łysakowska
75%
(Korkowa) Łysakowska
75%
Techniczna Napoleona Bonaparte
75%
Ochocza Narcyzowa
75%
Al. Komandosów Niedziałkowskiego
75%
Ochocza Ochocza
75%
Bystrzycka Podkowy
75%
Al. Gen. Chruściela "Montera" Rembertów - Akademia
75%
Kościuszkowców Rolnicza
75%
(Korkowa) Sezam
75%
Szosowa Sosnowa
75%
Narcyzowa Wasilkowska
75%
Narcyzowa Bartoszycka
50%
Al. Sztandarów Buchalteryjna
50%
Petuni / Walcownicza Czekanowska
50%
Grzybowa Działyńczyków
50%
Wspólna Jagiellońska
50%
(Korkowa) Potockich
50%
(Korkowa) Potockich
50%
Techniczna Przełęczy
50%
Patriotów Radość - Wodociąg
50%
Patriotów Tomaszowska
50%
Patriotów Gruntowa
25%
Patriotów Zbójnogórska
25%
Nie znaleziono quizów pasujących do podanych kryteriów
Rozkład punktacji
Procent ludzi z każdym wynikiem
Percentyl według liczby udzielonych odpowiedzi
Twoja historia wyników
Nie rozwiązałeś tego quizu